Trainer development programme for tour guiding

Đã lưu trong:
Sonraí Bibleagrafaíochta
Formáid: Leabhar
Teanga:English
Foilsithe: 1998
Ábhair:
Clibeanna: Cuir Clib Leis
Gan Chlibeanna, Bí ar an gcéad duine leis an taifead seo a chlibeáil!
Thư viện lưu trữ: Mạng thư viện Đại học Đà Nẵng
LEADER 01123cam a22003131a 4500
001 000036071
003 12363
005 20160324000000.0
008 160324s1998 000 eng
041 |a eng 
082 |a 658  |b Tr-D 
245 |a Trainer development programme for tour guiding  |c Vietnam Human Resources Development In Tourism Project 
260 |c 1998 
300 |a 212tr . : mh ; 30cm 
650 |a Trainer development programme for tour guiding, tour guiding, Trainer development programme, Trainer 
852 |b Chuyên đề  |c Giáo trình 
OWN |a LNN 
AVA |a UDN50  |b LNN  |d 658 Tr-D  |e available  |t Error 5001 Not defined in file expand_doc_bib_avail.  |f 1  |g 0  |h N  |i 0  |k 1 
999 |a From the UDN01 
AVA |a UDN50  |b LNN  |d 658 Tr-D  |e available  |t Error 5001 Not defined in file expand_doc_bib_avail.  |f 1  |g 0  |h N  |i 0  |k 1 
TYP |a Monograph 
TYP |a Printed language 
980 |a Mạng thư viện Đại học Đà Nẵng